[Event "Sachsen-Anhalt-ch op"]
[Site "Magdeburg"]
[Date "2021.10.29"]
[Round "3"]
[White "Tews, Steffen"]
[Black "Noennig, Jakob1111"]
[Result "1-0"]
[WhiteElo "1822"]
[BlackElo "1445"]
[PlyCount "49"]
[EventDate "2021.10.28"]
[EventType "swiss"]
[EventRounds "7"]
[EventCountry "GER"]
[SourceTitle "CBM 205 Extra"]
[Source "ChessBase"]
[SourceDate "2022.01.31"]
[SourceVersion "1"]
[SourceVersionDate "2022.01.31"]
[SourceQuality "1"]

1. d4 d5 2. Nf3 Nf6 3. g3 Bf5 4. Bg2 e6 5. 0-0 Bd6 6. c4 c6 7. Nc3 Nbd7 8. Nh4 Bg6 9. Nxg6 fxg6 10. e4 dxe4 11. Qb3 Qb6 12. Nxe4 Bc7 13. Ng5 Nf8 14. Re1 Qa5 15. Re2 Qa6 16. Nxe6 Nxe6 17. Rxe6+ Kf8 18. Bd2 Rd8 19. Bb4+ Kf7 20. Re7+ Kg8 21. Rxc7 h6 22. Bf1 c5 23. Bxc5 Rb8 24. Be7 Ne8 25. c5+ 1-0